000 01855cam a2200349 a 4500
999 _c5188
_d5188
001 5188
003 BD-JhCC
005 20200205134007.0
008 080313s2008 nyu b 000 0 eng
020 _a9781416561996
020 _a1416561994
035 _a(BD-JhCC)
040 _aDLC
_cDLC
_dDLC
041 _aeng
050 0 0 _aHF5386
_b.A795 2008
082 0 0 _a658.4/09
_222
_bASS 2008
100 1 _aAssaraf, John.
245 1 4 _aThe answer :
_bgrow any business, achieve financial freedom, and live an extraordinary life /
_cJohn Assaraf and Murray Smith.
250 _a1st. hardcover ed.
260 _aNew York :
_bAtria Books,
_c2008.
300 _axiii, 305 p. ;
_c24 cm.
504 _aIncludes bibliographical references (p. [303]-305).
505 0 _aIntroduction: the question -- Inside the box: John's story -- The search for how the world works -- The law of attraction -- The universe inside your brain -- How to change your mind -- Your dream business -- The neural reconditioning process -- Neural reconditioning FAQs -- The important things: Murray's story -- Vision, focus, action -- Your ideal customer -- Innovating your business -- Finding your business's DNA -- Reaching your ideal customer -- Innovatiing your business -- Finding your business's DNA -- Reaching your ideal customer -- Big thinking.
650 0 _aSuccess in business.
700 1 _aSmith, Murray.
856 4 2 _3Publisher description
_uhttp://www.loc.gov/catdir/enhancements/fy0826/2008011886-d.html
856 4 1 _3Sample text
_uhttp://www.loc.gov/catdir/enhancements/fy0829/2008011886-s.html
856 4 1 _3Table of contents only
_uhttp://www.loc.gov/catdir/enhancements/fy0829/2008011886-t.html
856 4 2 _3Contributor biographical information
_uhttp://www.loc.gov/catdir/enhancements/fy0901/2008011886-b.html
942 _2ddc
_cBK
_04